000 00521 a2200169 4500
001 066570
003 OSt
005 20211001151207.0
008
082 _a330.092
_bC17C
245 1 _aCapabilities, freedom and equality
_cedited by Bina Agarwal
260 _aNew Delhi
_bOxford University Press
_c2007
300 _a553p.
690 _aSen, Amartya, 1933-; Sex role; Women in development; India; Economists; Feminist economics
700 _aAgarwal, Bina
_eEditor
942 _2ddc
_cBK
999 _c614
_d614